00547nam a22001937a 450000500170000001000130001702000230003003500130005303700160006604000120008208200160009410000180011024500460012826000420017427000610021630000250027765000270030265000240032920170124110145.0 aA-944326 c300.00a8186030700 aA-944326 bCen Lib/Ret aDPLbEN a646.79bTAL aTalwar, A. P. aGrowing old mirthfully /cby A. P. Talwar bRegency PublicationsaNew Delhic1998 a20/36-G, Old Market, West Patel NagarbNew Delhie110008 avi, 263p. c21cm(Hb) aSimple rules of health aDiseases of old age